000 01039nam a2200265 i 4500
001 169269
003 ES-MaACL
005 20230906214039.0
008 080827s2006 sp |||| | cat d
017 _aT-1.832-2006
020 _a84-932587-7-6
080 _a904(460.237 Vandellòs):7.032(38)
080 _a94(460.237 Vandellòs)".../04"
100 1 _aDupré i Raventós, Xavier.
_9138360
245 1 0 _aIbers i grecs a l'Hospitalet de l'Infant /
_cXavier Dupré Raventós.
260 _aTarragona :
_bMuseu Nacional Arqueològic de Tarragona,
_c2006.
300 _a54 p. :
_bil., graf. ;
_c24 cm.
490 1 _aForum : temes d'història i d'arqueologia tarragonines ;
_v11
504 _aBibliografía.
651 4 _aVandellòs i l'Hospitalet de l'Infant-
_xRestos arqueológicos griegos.
_9138361
651 4 _aVandellòs i l'Hospitalet de l'Infant-
_xHistoria.
_9138362
830 0 _aForum : temes d'història i d'arqueologia tarragonines ;
_v11
_9188851
852 4 _aES-MaACL
_jL-29720
_9R.143234
999 _c169269
_d169269